02124cac a2200433 i 4500003000900000005001700009008004100026020001600067020001800083040004300101082002400144100003900168245007900207246007900286246003400365250002000399264003700419264001000456300004500466336002600511337002800537338002700565490003000592500002100622650005300643650005500696651001000751653002300761653002600784655001700810942001200827999001500839952015400854952013801008952013801146952013801284952013801422952013001560EG-ScBUE20240917101921.0090225t1998 nyua f 001 0 eng d a0070381593  a9780070381599 aEG-ScBUEbengerdacEG-ScBUEdEG-ScBUE04a511.322076bLIP2221 aLipschutz, Seymour,eauthor.9266310aTheory and problems of set theory and related topics /cSeymour Lipschutz.33aSchaum’s outline of theory and problems of set theory and related topics30aSet theory and related topics aSecond edition. 1aNew York :bMcGraw-Hill,c[1998] 4cc1998 avi, 282 pages :billustrations ;c28 cm. 2rdacontentatextbtxt aunmediated2rdamediabn avolumebnc2rdacarrier0 aSchaum’s outline series aIncludes index.  7aSet theoryxOutlines, syllabi, etc.2BUEsh92664 7aSet theoryxProblems, exercises, etc.2BUEsh92665 2BUEsh bENGGENcAugust2015 bENGELCcSeptember2016 vReading book 2ddccBB c8870d8870 00102ddc40708BaccahaMAINbMAINc1STd2008-03-27ePurchaseg100.00l4m15o511.322076 LIPp000010775r2025-07-15 00:00:00s2009-01-28v125.00yBB 00102ddc40708BaccahaMAINbMAINc1STd2009-02-25ePurchaseg100.00l0o511.322076 LIPp000010873r2025-07-15 00:00:00v125.00yNB 00102ddc40708BaccahaMAINbMAINc1STd2009-03-22ePurchaseg100.00l0o511.322076 LIPp000015653r2025-07-15 00:00:00v125.00yBB 00102ddc40708BaccahaMAINbMAINc1STd2009-03-22ePurchaseg100.00l0o511.322076 LIPp000015654r2025-07-15 00:00:00v125.00yBB 00102ddc40708BaccahaMAINbMAINc1STd2009-03-22ePurchaseg100.00l0o511.322076 LIPp000015655r2025-07-15 00:00:00v125.00yBB 00102ddc40708BaccahaMAINbMAINc1STd2016-09-25ePurchaseg280.00l0o511.322076 LIPp000033641r2025-07-15 00:00:00yBB